Central Library OPAC University of Rajshahi

International economics / (Record no. 6725)

MARC details
000 -LEADER
fixed length control field 00804nam a2200265 a 4500
001 - CONTROL NUMBER
control field 6725
003 - CONTROL NUMBER IDENTIFIER
rucl marc code BD-RjUL
005 - DATE AND TIME OF LATEST TRANSACTION
control field 20211208234311.0
008 - FIXED-LENGTH DATA ELEMENTS--GENERAL INFORMATION
fixed length control field 140112r20041995ii b 001 0 eng d
020 ## - INTERNATIONAL STANDARD BOOK NUMBER
International Standard Book Number 8185386102
035 ## - SYSTEM CONTROL NUMBER
System control number (BD-RjUL)6766
040 ## - CATALOGING SOURCE
Original cataloging agency BD-RjUL
Language of cataloging eng
Transcribing agency BD-RjUL
041 ## - LANGUAGE CODE
Language code of text/sound track or separate title eng
082 00 - DEWEY DECIMAL CLASSIFICATION NUMBER
Classification number 337
Author mark and year LII
Edition number 23
100 1# - MAIN ENTRY--PERSONAL NAME
Personal name Lindert, Peter H.
9 (RLIN) 21151
245 10 - TITLE STATEMENT
Title International economics /
Statement of responsibility, etc. Peter H. Lindert
250 ## - EDITION STATEMENT
Edition statement 8th ed.
260 ## - PUBLICATION, DISTRIBUTION, ETC. (IMPRINT)
Place of publication, distribution, etc. Homewood, Ill :
Name of publisher, distributor, etc. R.D. Irwin,
Date of publication, distribution, etc. 1995 [Reprint 1995-2004].
300 ## - PHYSICAL DESCRIPTION
Pagination xxii, 576 p. :
Illustrations ill. ;
Size 25 cm.
490 0# - SERIES STATEMENT
Series statement Irwin publications in economics
504 ## - BIBLIOGRAPHY, ETC. NOTE
Bibliography, etc Includes bibliographical references and index.
650 #0 - SUBJECT ADDED ENTRY--TOPICAL TERM
Topical term or geographic name as entry element International economic relations
9 (RLIN) 21152
700 ## - ADDED ENTRY--PERSONAL NAME
Personal name Kindleberger, Charles Poor,
942 ## - ADDED ENTRY ELEMENTS (KOHA)
Source of classification or shelving scheme Dewey Decimal Classification
Koha item type Books
Holdings
Lost status Source of classification or shelving scheme Damaged status Not for loan Collection code Permanent Location Current Location Shelving location Date acquired Source of acquisition Cost, normal purchase price Total Checkouts Full call number Date last seen Copy number Koha item type
  Dewey Decimal Classification     Non-fiction Central Library, University of Rajshahi Central Library, University of Rajshahi   25/06/2001 Aligarh Library, Dhaka 195.00   337 LII 1995 12/01/2014 C-2 Books
  Dewey Decimal Classification     Non-fiction Central Library, University of Rajshahi Central Library, University of Rajshahi   20/02/2008 Dhaka,Paragon Enterprise Lit., 260.00   337 LII 2004 14/11/2016 C-3 Books